000
00323nam a22001337a 4500
008
181016b xxu||||| |||| 00| 0 eng d
020
_a
0669948888
041
_a
eng
080
_2
3rd
_a
341
100
_a
15
101
_a
SHJ
245
_a
The Declaration of Independence and the Constitution
_c
Latham, E
942
_2
udc
_c
BK
999
_c
49854
_d
49854